000 00512nam a2200181Ia 4500
999 _c715
_d715
003 OSt
005 20210915113329.0
008 190216s9999||||xx |||||||||||||| ||und||
020 _a9953850097
040 _coclc
082 _a892.709
_bALZ/T
100 _aAl Zayyath, Ahamad Hassan
_98825
245 0 _aThareeq A Adabu Al Arabi /
_cAhamad Hassan Al Zayyath
260 _bDarul Marfat,
_aBairuth:
300 _a407
650 _aArabic
942 _cBK
_2ddc
_h892.709
_iALZ/T
_k892.709
_mALZ/T